00553nam a2200145 a 450000100100000000500170001000800410002704000250006808200150009310000200010824501510012826000680027930000190034750000410036600003142620200930062924.0110622s1934 dr r 000 0 spa d aDO-SdBNPbspacBNPHU axxxxbxxxx1 aOrtega, Augusto10aTexto auxiliar de geografía evolutiva para el trazado de mapas en las escuelas por el procedimiento de longitudes y latitudes :bAugusto Ortega. aSantiago de los Caballeros :bTip. Corazón de Jesús,c1934. av. : ;c21 cm. aLa biblioteca solo posee el tomo III